Zhongguo li dai huan guan /

Saved in:
Bibliographic Details
Other Authors: Wang, Xingya., Wang, Zongyu.
Format: Book
Language:Chinese
Published: Zhengzhou Shi : Henan ren min chu ban she, 1993
Edition:Di 1 ban.
Series:Li shi ren wu zhuan ji xi lie.
Subjects:
Tags: Add Tag
No Tags, Be the first to tag this record!
LEADER 01400cam a2200385 a 4500
001 007816632-2
005 20024617112054.0
008 970930s1993 cc a b 000 0cchi d
020 |a 7215022072 (set) :  |c RMBY30.00 
035 0 |a ocm43169181 
035 0 |a ocm37707982 
040 |a OrU-S/OrU-L/OrU  |c OrU-S/OrU-L/OrU  |d PPiU  |d MH-HY  |d CStRLIN 
043 |a a-cc--- 
245 0 0 |6 880-01  |a Zhongguo li dai huan guan /  |c zhu bian Wang Xingya, Wang Zongyu. 
246 3 0 |6 880-02  |a Li dai huan guan 
250 |6 880-03  |a Di 1 ban. 
260 |6 880-04  |a Zhengzhou Shi :  |b Henan ren min chu ban she,  |c 1993  |g (1996 printing) 
300 |a 2 v. :  |b ill. ;  |c 21 cm. 
490 1 |6 880-05  |a Li shi ren wu zhuan ji xi lie 
504 |a Includes bibliographical references. 
650 0 |a Eunuchs  |z China  |v Biography. 
651 0 |a China  |x Court and courtiers  |v Biography. 
700 1 |6 880-06  |a Wang, Xingya. 
700 1 |6 880-07  |a Wang, Zongyu. 
880 0 0 |6 245-01  |a 中国历代宦官 /  |c 主编王兴亚, 王宗虞. 
880 3 0 |6 246-02  |a 历代宦官 
880 |6 250-03  |a 第1版. 
880 |6 260-04  |a 郑州市 :  |b 河南人民出版社,  |c 1993  |g (1996 printing) 
880 1 |6 490-05  |a 历史人物传记系列 
880 1 |6 700-06  |a 王兴亚. 
880 1 |6 700-07  |a 王宗虞. 
830 0 |6 880-55  |a Li shi ren wu zhuan ji xi lie. 
880 0 |6 830-55  |a 历史人物传记系列. 
988 |a 20021120 
906 |0 OCLC